000 00545nam a2200181Ia 4500
001 24336
005 20260414151036.0
008 260414t2021||||xx |||||||||||||| ||spa||
041 _aESP
082 _a345.3
_bV67
100 _aVillegas Paiva, Elky Alexander
_eAUT
245 0 _aLa prueba penal en la jurisprudencia de los altos tribunales de justicia :
_bcómo se entiende y aplica la prueba en la práctica forense
260 _c2021
300 _a397 páginas :
_c25 cm.
650 _aDER
654 _aCDE
942 _cLIB
_dJUS
_fJUS
_2ddc
_n
999 _c24336
_d24336